<?xml version="1.0" encoding="UTF-8"?><?xml-stylesheet type="text/xsl" href="static/style.xsl"?><OAI-PMH xmlns="http://www.openarchives.org/OAI/2.0/" xmlns:xsi="http://www.w3.org/2001/XMLSchema-instance" xsi:schemaLocation="http://www.openarchives.org/OAI/2.0/ http://www.openarchives.org/OAI/2.0/OAI-PMH.xsd"><responseDate>2026-06-01T02:06:02Z</responseDate><request verb="GetRecord" identifier="oai:riuma.uma.es:10630/44922" metadataPrefix="marc">https://riuma.uma.es/rest/oai/request</request><GetRecord><record><header><identifier>oai:riuma.uma.es:10630/44922</identifier><datestamp>2026-01-28T00:46:11Z</datestamp><setSpec>com_10630_2254</setSpec><setSpec>col_10630_37953</setSpec></header><metadata><record xmlns="http://www.loc.gov/MARC21/slim" xmlns:dcterms="http://purl.org/dc/terms/" xmlns:doc="http://www.lyncode.com/xoai" xmlns:xsi="http://www.w3.org/2001/XMLSchema-instance" xsi:schemaLocation="http://www.loc.gov/MARC21/slim http://www.loc.gov/standards/marcxml/schema/MARC21slim.xsd">
   <leader>00925njm 22002777a 4500</leader>
   <datafield ind2=" " ind1=" " tag="042">
      <subfield code="a">dc</subfield>
   </datafield>
   <datafield ind2=" " ind1=" " tag="720">
      <subfield code="a">Luque-Jiménez, María del Carmen</subfield>
      <subfield code="e">author</subfield>
   </datafield>
   <datafield ind2=" " ind1=" " tag="260">
      <subfield code="c">2025-09-03</subfield>
   </datafield>
   <datafield ind2=" " ind1=" " tag="520">
      <subfield code="a">Con base en la autonomía contractual se pueden celebrar varios contratos conectados, especialmente cuando existen diversos intereses complejos que encajan en un único esquema contractual. Se trata de supuestos en los que hay una pluralidad coordinada de contratos que conservan cada uno su causa autónoma, aunque en su conjunto pretenden establecer una operación económica unitaria y compleja. En este artículo se acude a la experiencia jurídica italiana donde encontramos un tratamiento más completo de la materia. Desde dicha perspectiva se estudian las distintas teorías sobre la conexión contractual, los tipos de conexión y sus efectos, así como la posibilidad de utilizar la conexión contractual para defraudar la ley.</subfield>
   </datafield>
   <datafield ind1="8" ind2=" " tag="024">
      <subfield code="a">Luque Jiménez, M. d. C. (2025). Los contratos conexos en Derecho italiano. Revista de Derecho Civil, 12(3), 121-174.</subfield>
   </datafield>
   <datafield ind1="8" ind2=" " tag="024">
      <subfield code="a">2341-2216</subfield>
   </datafield>
   <datafield ind1="8" ind2=" " tag="024">
      <subfield code="a">https://hdl.handle.net/10630/44922</subfield>
   </datafield>
   <datafield tag="653" ind2=" " ind1=" ">
      <subfield code="a">Derecho concursal - Italia</subfield>
   </datafield>
   <datafield ind2="0" ind1="0" tag="245">
      <subfield code="a">Los contratos conexos en Derecho italiano</subfield>
   </datafield>
</record>
</metadata></record></GetRecord></OAI-PMH>